000 01825nam a2200325 i 4500
001 000017830
003 DO-SdBNP
005 20250922094656.0
007 ta
008 100406s2022 dr c 000 0 spa d
020 _a9789945250312
040 _aDO-SdBNP
_bspa
_cBNPHU
_erda
041 _aspa
082 4 _a860
_bF385i
_222
100 _aFerreras, Alex,
_eautor
_4aut.
_910205
245 1 0 _aLa imagen de la primera intervención militar de los Estados Unidos en la literatura dominicana (1916-1924) /
_cAlex Ferreras
264 4 _aSanto Domingo :
_bArchivo General de la Nación,
_c©2022.
300 _a372 paginas ;
_c24 cm.
336 _atexto
_btxt
_2rdacontent
337 _asin mediación
_bn
_2rdamedia
338 _avolumen
_bnc
_2rdacarrier
490 1 _aArchivo General de la Nación ;
_v449
500 _aIncluye datos biográficos del autor en las solapas
505 _aPrólogo 13 --
_gCapítulo I--
_tNaturaleza de la investigación--
_gCapítulo 2--
_tLa literatura como testimonio--
_gCapítulo 3--
_tTrasfondo histórico de la intervención militar norteamericana de 1916 en la República Dominicana--
_gCapítulo 4--
_tLa intervención militar norteamericana desde la óptica de la memoria de escritores dominicanos que la vivieron--
_gCapítulo 5--
_tCrítica general sobre los efectos culturales de la intervención militar en la República Dominacana--AnA
_gCapítulo 6--
_tAnálisis e interpretación de las obras nacionalistas dominicanas de los tiempos de la intervención norteamerica de 1916--
_gCapítulo 7--
_tLa imagen de los gavilleros en textos dominicanos y en uno norteamericano sobre la ocupación militar.
590 _aInventariado, 2023 / DG
600 1 4 _aJimenes Grullón, Juan Isidro,
_d1903-1983
_92482
650 4 _aLiteratura dominicana
_938732
910 _aDG
942 _2ddc
_cLBS1
999 _c53801
_d53801